| 000 | 00651cam a2200157 4500 | ||
|---|---|---|---|
| 001 | ABS60893 | ||
| 008 | 000000n1999 000 0 eng u | ||
| 035 | _a(Sirsi) u101417 | ||
| 100 | _aMinogue, A. | ||
| 245 | 4 | _aThe speed trap. | |
| 260 | _c1999 | ||
| 490 |
_aBuilding _v264(8098) 23 July 1999, 68-69(2) |
||
| 520 | _aWarns that although clients often assume they can demand that contractors finish a project by a certain time, in reality they can't. Advises that even if the contractor agrees to acceleration, the cost to the client can be higher than anticipated. Examples. | ||
| 690 | _aBUILT ENVIRONMENT-BUILDING CONTRACT FORMS | ||
| 942 | _n0 | ||
| 999 |
_c60559 _d60559 |
||